000 00806nam a2200217 a 4500
001 BRCA_2824
005 20190320204003.0
008 091208s1947----sp-a---###---#000-0#spa-u
050 4 _aNA5060
_b.U73 1947
100 1 _aUranga Galdiano, José E.
_97922
245 1 0 _aRetablos navarros del Renacimiento
_cJosé E. Uranga Galdiano ; presentación por Manuel Gomez-Moreno.
260 _aPamplona, España
_bDiputación Foral de Navarra, Consejo Superior de Investigaciones Científicas, Institución Principe de Viana
_c1947
300 _a53 p.
_bil.
_c28 cm.
500 _aIncluye apéndice e índice onomástico y geográfico.
500 _aAA115
650 1 4 _aRetablos
_97923
650 1 4 _aEscultura
_xHistoria
_93347
650 1 4 _aEscultura
_zNavarra (Provincia)
_97924
902 _aGFM
942 _2lcc
_cB
999 _c2564
_d2564